| 000 | 00750nam a2200253 a 4500 | ||
|---|---|---|---|
| 001 | 45735 | ||
| 003 | BD-RjUL | ||
| 005 | 20211209054048.0 | ||
| 008 | 270716s19711931enk 001 0 eng d | ||
| 020 | _a0582488230 pbk.) | ||
| 035 | _a(BD-RjUL)45853 | ||
| 040 |
_aBDS _dBD-RjUL _beng _cBD-RjUL |
||
| 041 | _aeng | ||
| 082 | 0 |
_a342.42 _221 _bWAC 1971 |
|
| 100 | 1 |
_aWade, E.C.S. _9139912 |
|
| 245 | 1 | 0 |
_aConstitutional and administrative law / _c E.C.S. Wade, A.W. Bradley, |
| 250 | _a8th ed. | ||
| 260 |
_aHarlow : _bLongman, _c1971 |
||
| 300 |
_axxi, 767 p. ; _c25 cm. |
||
| 504 | _aIncludes bibliographical references and index. | ||
| 650 | 0 |
_aConstitutional law _zGreat Britain. _9130161 |
|
| 700 | 1 |
_aBradley, A. W. _9139913 |
|
| 942 |
_2ddc _cBK |
||
| 999 |
_c45735 _d45735 |
||